Couleur des sièges des stations de la ligne 7 du métro parisien - Statistiques

Statistiques générales
  • Ce quiz a été pris 8 fois
  • Le résultat moyen est 21 sur 38
Statistiques - réponses
Hint Réponse % Correct
7 Corentin Cariou Bleu
86%
7 Crimée Bleu
86%
7 Riquet Bleu
86%
7 Cadet Bleu/Blanc/Rouge
86%
7 Stalingrad Bleu/Inox
86%
7 La Courneuve - 8 Mai 1945 Orange
86%
7 Fort d'Aubervilliers Orange
86%
7 Gare de l'Est Vert
86%
7 Louis Blanc Jaune/Gris
71%
7 Porte de la Villette Orange
71%
7 Aubervilliers - Pantin - Quatre Chemins Rouge
71%
7 Château-Landon Rouge/Inox
71%
7 Le Peletier Cyan
57%
7 Poissonnière Jaune
57%
7 Jussieu Orange
57%
7 Chaussée d'Antin - La Fayette Bleu
43%
7 Sully - Morland Bleu
43%
7 Censier - Daubenton Bleu
43%
7 Les Gobelins Bleu
43%
7 Maison Blanche Bleu
43%
7(b) Villejuif - Léo Lagrange Bleu
43%
7 Pyramides Bordeaux
43%
7 Pont Marie Jaune
43%
7(j) Porte de Choisy Jaune
43%
7 Palais Royal - Musée du Louvre Orange
43%
7 Pont Neuf Orange
43%
7 Place Monge Orange
43%
7(b) Villejuif - Paul Vaillant-Couturier Orange
43%
7(b) Villejuif - Louis Aragon Orange
43%
7(j) Mairie d'Ivry Orange
43%
7 Tolbiac Rouge
43%
7(b) Le Kremlin-Bicêtre Rouge
43%
7(j) Porte d'Italie Rouge
43%
7(j) Porte d'Ivry Rouge
43%
7(j) Pierre et Marie Curie Rouge
43%
7 Opéra Vert
43%
7 Châtelet (Pont au Change) Vert
43%
7 Place d'Italie Vert
43%
Aucun quiz correspondant
Distribution des résultats
% des personnes avec chaque résultat
Percentile par nombre de réponses
Votre historique - résultats
Vous n’avez pas pris ce quiz